| 000 | 00826nam a22002897a 4500 | ||
|---|---|---|---|
| 003 | CHAP | ||
| 005 | 20220817042502.0 | ||
| 008 | 971013s1985 r 00010 d | ||
| 010 | _a46004 | ||
| 011 | _a46976 | ||
| 035 | _a51117 | ||
| 040 | _cCHAP | ||
| 090 | _aFolleto 10433 | ||
| 110 | _aFAO | ||
| 245 | _aRecursos forestales 1980 | ||
| 260 |
_aRoma : _bFAO, _c1985 |
||
| 300 |
_a20 p. _b: ilus. ; mapas |
||
| 590 |
_aBATCH-UPD _b10 _c20130110 _lUCH01 _h1903 |
||
| 590 |
_aBATCH-UPD _b10 _c20130410 _lUCH01 _h1231 |
||
| 590 |
_aBATCH-UPD _b10 _c20130914 _lUCH01 _h1954 |
||
| 590 |
_aCONVERSION _b10 _c20130109 _lUCH01 _h1325 |
||
| 650 | 1 | 4 |
_aRecursos forestales. _995025 |
| 650 | 1 | 4 |
_aRecursos forestales _xEstadísticas. _995048 |
| 901 | _aBK | ||
| 942 | _cFOLL | ||
| 949 |
_aFolleto 10433 _bBC _cFAO _d-114545 _eFAO1 _i51117 _si |
||
| 999 |
_c46004 _d46004 |
||